[Event "LTU Wch 2020"]
[Site "Vilnius"]
[Date "2020.11.20"]
[Round "1.1"]
[White "Baginskaite, Kamile"]
[Black "Maciulaityte, Barbora"]
[Result "1-0"]
[WhiteElo "2141"]
[BlackElo "1696"]
[PlyCount "87"]

1. d4 d5 2. c4 e6 3. Nc3 a6 4. cxd5 exd5 5. Bf4 Nf6 6. e3 Bd6 7. Bg5 c6 8. Bd3
O-O 9. Qc2 h6 10. Bh4 Be6 11. Nge2 Nbd7 12. h3 Qc7 13. f4 c5 14. dxc5 Nxc5 15.
Bxf6 gxf6 16. O-O Nxd3 17. Qxd3 Qc4 18. Rad1 Qxd3 19. Rxd3 Bc5 20. f5 Bd7 21.
g4 Bc6 22. Nf4 Bxe3+ 23. Rxe3 d4 24. Re7 dxc3 25. bxc3 Rfe8 26. Rfe1 Kf8 27.
Rxe8+ Rxe8 28. Rxe8+ Kxe8 29. Kf2 Ke7 30. Ke3 Kd6 31. Kd4 Bf3 32. Nh5 Bg2 33.
Nf4 Bf3 34. a3 Bc6 35. c4 b6 36. Nh5 Bg2 37. Nf4 Bc6 38. Nh5 Bg2 39. h4 Ke7 40.
Nf4 Bf3 41. Nd5+ Bxd5 42. Kxd5 Kd7 43. c5 bxc5 44. Kxc5 1-0

[Event "LTU Wch 2020"]
[Site "Vilnius"]
[Date "2020.11.20"]
[Round "1.2"]
[White "Ravlusevic, Evelina"]
[Black "Saumanaite, Skaiste"]
[Result "1-0"]
[WhiteElo "1581"]
[BlackElo "2033"]
[PlyCount "115"]

1. d4 d5 2. c4 dxc4 3. e4 c5 4. d5 Nf6 5. Nc3 b5 6. Bf4 a6 7. e5 b4 8. exf6
bxc3 9. bxc3 gxf6 10. Bxc4 Bg7 11. Qh5 Qa5 12. Ne2 f5 13. O-O Bf6 14. Rab1 Qa4
15. Bb3 Qe4 16. Bxb8 Rxb8 17. Ba4+ Qxa4 18. Rxb8 O-O 19. Ng3 Qf4 20. Rb6 Rd8
21. Qh3 Qd2 22. Nxf5 Kh8 23. Qf3 Bxf5 24. Qxf5 Qxd5 25. Qxd5 Rxd5 26. Rxa6 Bxc3
27. Ra7 Re5 28. a4 Bd4 29. Rc7 Kg7 30. a5 Re6 31. Rb1 Ra6 32. Rb5 Rf6 33. h3
Rxf2 34. Rcb7 Ra2+ 35. Kf1 e6 36. Rd7 Kf6 37. Rbb7 Rxa5 38. Rxf7+ Ke5 39. Rxh7
Ra1+ 40. Ke2 Ra2+ 41. Kf3 Ra3+ 42. Ke2 Ra2+ 43. Kf3 Ra3+ 44. Kg4 Ke4 45. Rhe7
e5 46. Rbc7 Bf2 47. Kg5 Rg3+ 48. Kf6 Bd4 49. Rg7 Rxg7 50. Rxg7 c4 51. Rc7 Kd3
52. Kf5 c3 53. g4 c2 54. Rxc2 e4 55. Rc8 e3 56. Re8 e2 57. Kf4 Bf2 58. g5 1-0

[Event "LTU Wch 2020"]
[Site "Vilnius"]
[Date "2020.11.20"]
[Round "1.3"]
[White "Sibajeva, Marija"]
[Black "Sukyte, Kotryna"]
[Result "1-0"]
[WhiteElo "1910"]
[BlackElo "1405"]
[PlyCount "109"]

1. e4 Nf6 2. Nc3 d5 3. e5 Nfd7 4. d4 c5 5. f4 cxd4 6. Qxd4 e6 7. Nf3 Nc6 8. Qd1
Bc5 9. Bd3 O-O 10. Bxh7+ Kh8 11. Bd3 Nb4 12. Ng5 g6 13. Qg4 Nxd3+ 14. cxd3 Kg7
15. h4 Rh8 16. h5 Qg8 17. Rh3 Nb6 18. hxg6 fxg6 19. Rxh8 Qxh8 20. Qh3 Qxh3 21.
Nxh3 Bd7 22. Ke2 Nc8 23. Be3 Bxe3 24. Kxe3 Ne7 25. Kd2 Nf5 26. g4 Nh6 27. Rg1
Rh8 28. Nf2 Nf7 29. Rh1 Rxh1 30. Nxh1 g5 31. Ke3 gxf4+ 32. Kxf4 Kg6 33. Ng3 Ng5
34. Nh5 Nh7 35. Ne2 Kf7 36. Nd4 a6 37. Kg3 Kg6 38. Nf4+ Kf7 39. Kh4 Nf8 40. Kh5
Kg7 41. g5 Be8+ 42. Kg4 Bf7 43. g6 Nxg6 44. Ndxe6+ Bxe6+ 45. Nxe6+ Kf7 46. Ng5+
Ke7 47. d4 Nf8 48. Kf5 Nd7 49. Nh7 b5 50. Nf6 Nxf6 51. exf6+ Kf7 52. Ke5 b4 53.
Kxd5 Kxf6 54. Kc4 Ke6 55. Kxb4 1-0

[Event "LTU Wch 2020"]
[Site "Vilnius"]
[Date "2020.11.20"]
[Round "1.4"]
[White "Plutaite, Ausra"]
[Black "Sulikiene, Kristina"]
[Result "1-0"]
[WhiteElo "1400"]
[BlackElo "1892"]
[PlyCount "61"]

1. e4 e5 2. Nf3 Nf6 3. Nxe5 d6 4. Nf3 Nxe4 5. d3 Nf6 6. d4 Be7 7. Bd3 O-O 8.
O-O Bg4 9. Bg5 h6 10. Bh4 Nc6 11. c3 d5 12. Nbd2 Ne4 13. Bxe7 Qxe7 14. Re1 f5
15. Qb3 Qd7 16. Nxe4 fxe4 17. Bxe4 Be6 18. Bd3 Rxf3 19. gxf3 Rf8 20. Re3 Bh3
21. Rae1 Qd8 22. f4 Bc8 23. Be4 Ne7 24. Bf3 Rf7 25. Bxd5 Qxd5 26. Rxe7 Qxb3 27.
axb3 Rxf4 28. Re8+ Rf8 29. R1e7 c6 30. Rxf8+ Kxf8 31. Rc7 1-0

[Event "LTU Wch 2020"]
[Site "Vilnius"]
[Date "2020.11.21"]
[Round "2.4"]
[White "Saumanaite, Skaiste"]
[Black "Sukyte, Kotryna"]
[Result "1-0"]
[WhiteElo "2033"]
[BlackElo "1405"]
[PlyCount "109"]

1. d4 d5 2. Nf3 Nf6 3. c4 dxc4 4. Qa4+ c6 5. Qxc4 b5 6. Qc2 Bb7 7. g3 e6 8. Bg2
Be7 9. O-O O-O 10. Rd1 Nd5 11. e4 Nf6 12. Ne5 Qc7 13. Nc3 a6 14. Qe2 c5 15. Bf4
Bd6 16. Rac1 Rc8 17. Nb1 Nc6 18. Nxc6 Bxf4 19. gxf4 Bxc6 20. d5 exd5 21. exd5
Bb7 22. d6 Qd7 23. Bxb7 Qxb7 24. Nd2 c4 25. Nf3 Re8 26. Ne5 Nd7 27. Qh5 g6 28.
Qg4 Nxe5 29. fxe5 Rxe5 30. b3 cxb3 31. axb3 Rd8 32. Rc7 Qb6 33. Rc8 Kg7 34.
Rxd8 Qxd8 35. Qd4 f6 36. d7 Re7 37. Qd6 Kf7 38. Qc6 Re6 39. Qc8 Ke7 40. b4 f5
41. Qc5+ Kf7 42. Qd5 Ke7 43. Kf1 Kf6 44. Qd4+ Kf7 45. Qc3 h6 46. Rd5 h5 47. f3
h4 48. Qd2 Rc6 49. Rc5 Rxc5 50. bxc5 Ke6 51. Qd6+ Kf7 52. c6 b4 53. c7 Qa8 54.
Qd3 Qh8 55. Qd5+ 1-0

[Event "LTU Wch 2020"]
[Site "Vilnius"]
[Date "2020.11.22"]
[Round "3.1"]
[White "Baginskaite, Kamile"]
[Black "Ravlusevic, Evelina"]
[Result "1-0"]
[WhiteElo "2141"]
[BlackElo "1581"]
[PlyCount "63"]

1. d4 d5 2. c4 c6 3. Nf3 Nf6 4. e3 e6 5. Bd3 Nbd7 6. O-O Be7 7. Nc3 dxc4 8.
Bxc4 b5 9. Bd3 a6 10. e4 c5 11. d5 e5 12. a4 b4 13. Nb1 O-O 14. Nbd2 Ne8 15.
Nc4 Qc7 16. a5 f6 17. Be3 Nd6 18. Nxd6 Bxd6 19. Nd2 Qd8 20. Nc4 Qe7 21. Qh5 Rd8
22. g3 Nf8 23. f4 exf4 24. gxf4 Bc7 25. Rad1 Bb7 26. d6 Bxd6 27. Nxd6 Rxd6 28.
Bxc5 Kh8 29. e5 Qc7 30. Bxd6 Qc6 31. Rd2 Qh1+ 32. Kf2 1-0

[Event "LTU Wch 2020"]
[Site "Vilnius"]
[Date "2020.11.22"]
[Round "3.2"]
[White "Perminaite, Guoda"]
[Black "Saumanaite, Skaiste"]
[Result "1/2-1/2"]
[WhiteElo "1757"]
[BlackElo "2033"]
[PlyCount "65"]

1. e4 c5 2. Nf3 g6 3. d4 cxd4 4. Nxd4 Bg7 5. Nc3 Nc6 6. Be3 Nf6 7. Nxc6 bxc6 8.
e5 Ng8 9. f4 d6 10. Bd4 dxe5 11. Bxe5 Qxd1+ 12. Rxd1 Bxe5 13. fxe5 Nh6 14. h3
Nf5 15. Kf2 Rb8 16. g4 Rxb2 17. gxf5 Rxc2+ 18. Ne2 Bxf5 19. Bg2 O-O 20. a4 Rb8
21. Rc1 Rb4 22. Bxc6 Rxc1 23. Rxc1 Bxh3 24. Ke3 g5 25. Nd4 Kg7 26. Rh1 Bg4 27.
a5 a6 28. Be4 Ra4 29. Nc6 Bd7 30. Rxh7+ Kf8 31. Rh8+ Kg7 32. Rh7+ Kf8 33. Rh8+
1/2-1/2

[Event "LTU Wch 2020"]
[Site "Vilnius"]
[Date "2020.11.22"]
[Round "3.3"]
[White "Sibajeva, Marija"]
[Black "Plutaite, Ausra"]
[Result "1-0"]
[WhiteElo "1910"]
[BlackElo "1400"]
[PlyCount "43"]

1. e4 e6 2. d4 d5 3. Nd2 Nf6 4. e5 Nfd7 5. Bd3 b6 6. f4 Ba6 7. Ndf3 c5 8. c3
Bxd3 9. Qxd3 c4 10. Qe2 Nc6 11. Nh3 Be7 12. O-O b5 13. f5 Nf8 14. Nfg5 Bxg5 15.
Nxg5 Qd7 16. fxe6 Nxe6 17. Rxf7 Ncxd4 18. cxd4 Nxd4 19. Qd1 Qc6 20. Qxd4 h6 21.
Rxg7 hxg5 22. Bxg5 1-0

[Event "LTU Wch 2020"]
[Site "Vilnius"]
[Date "2020.11.22"]
[Round "3.4"]
[White "Bajoraite, Rita"]
[Black "Sulikiene, Kristina"]
[Result "1-0"]
[WhiteElo "1741"]
[BlackElo "1892"]
[PlyCount "191"]

1. d4 Nf6 2. c4 e6 3. Nf3 Bb4+ 4. Bd2 c5 5. e3 O-O 6. Bd3 Nc6 7. O-O d6 8. Bxb4
cxb4 9. Nbd2 e5 10. Ne4 Bg4 11. d5 Nxe4 12. Bxe4 Ne7 13. Bxh7+ Kh8 14. Bc2 f5
15. h3 Bh5 16. Qd2 Bxf3 17. gxf3 Ng6 18. Kh2 Nh4 19. Bd1 f4 20. Rg1 a5 21. Rg4
Qf6 22. exf4 exf4 23. Qd3 Rae8 24. Bc2 Qh6 25. Rag1 Re7 26. c5 dxc5 27. d6 Rd7
28. Qe4 b5 29. Rd1 c4 30. Qe7 Nxf3+ 31. Kg2 Rxe7 32. dxe7 Rg8 33. Kxf3 Qxh3+
34. Kxf4 g5+ 35. Kf5 Re8 36. Kxg5 Rxe7 37. Rh4+ Qxh4+ 38. Kxh4 Re2 39. Rd8+ Kg7
40. Bf5 Rxf2 41. Kg5 Rg2+ 42. Bg4 c3 43. Rd7+ Kg8 44. bxc3 bxc3 45. Rc7 b4 46.
Kf4 a4 47. Bf5 Rd2 48. Ke3 Kf8 49. Rc4 Rb2 50. Bd7 a3 51. Ba4 Ke7 52. Bb3 Rh2
53. Rxb4 Rh3+ 54. Ke2 Kd6 55. Kd1 Kc5 56. Rc4+ Kb5 57. Kc2 Rh2+ 58. Kxc3 Rh3+
59. Kc2 Rh2+ 60. Kb1 Rh1+ 61. Rc1 Rh2 62. Bc2 Kb4 63. Bd3 Rb2+ 64. Ka1 Rd2 65.
Rc4+ Ka5 66. Bc2 Rh2 67. Be4 Rf2 68. Kb1 Rb2+ 69. Ka1 Rf2 70. Bd3 Rd2 71. Bc2
Kb5 72. Bb3 Rg2 73. Kb1 Rg1+ 74. Rc1 Rg4 75. Rd1 Kb4 76. Kc2 Rh4 77. Rd2 Rg4
78. Bd5 Rh4 79. Re2 Kc5 80. Be6 Kb4 81. Bf5 Rc4+ 82. Kd2 Rc7 83. Re4+ Ka5 84.
Kd3 Rc5 85. Bd7 Rc1 86. Ra4+ Kb6 87. Be6 Rg1 88. Rb4+ Ka5 89. Rb3 Rd1+ 90. Kc4
Rc1+ 91. Rc3 Re1 92. Kc5 Re5+ 93. Bd5 Ka4 94. Rb3 Re1 95. Rb8 Rc1+ 96. Bc4 1-0

[Event "LTU Wch 2020"]
[Site "Vilnius"]
[Date "2020.11.22"]
[Round "4.4"]
[White "Saumanaite, Skaiste"]
[Black "Plutaite, Ausra"]
[Result "1-0"]
[WhiteElo "2033"]
[BlackElo "1400"]
[PlyCount "79"]

1. d4 e6 2. Nf3 c5 3. g3 Nf6 4. Bg2 d5 5. c4 Nc6 6. cxd5 exd5 7. O-O cxd4 8.
Nxd4 Bc5 9. Nxc6 bxc6 10. Qc2 Qb6 11. Nc3 Ng4 12. e3 Bd6 13. e4 O-O 14. exd5
Ba6 15. Na4 Qa5 16. Bd2 Qb5 17. dxc6 Qh5 18. h3 Bxf1 19. hxg4 Qxg4 20. Kxf1
Rae8 21. Re1 h5 22. b3 h4 23. gxh4 Qxh4 24. Nc5 Bc7 25. Qf5 g6 26. Qh3 Rxe1+
27. Bxe1 Qd4 28. Qc3 Qd1 29. Nd7 Rd8 30. Qd2 Qa1 31. Qc3 Qd1 32. b4 Qb1 33. Bd5
Qf5 34. Qf3 Bf4 35. Bc3 g5 36. Qh5 Qd3+ 37. Kg1 Qxc3 38. Bxf7+ Kg7 39. Qg6+ Kh8
40. Qh6# 1-0

[Event "LTU Wch 2020"]
[Site "Vilnius"]
[Date "2020.11.23"]
[Round "5.1"]
[White "Baginskaite, Kamile"]
[Black "Sibajeva, Marija"]
[Result "0-1"]
[WhiteElo "2141"]
[BlackElo "1910"]
[PlyCount "80"]

1. d4 d5 2. c4 e5 3. dxe5 d4 4. a3 Nc6 5. e3 Nh6 6. Ne2 dxe3 7. Qxd8+ Kxd8 8.
Bxe3 Nxe5 9. Nbc3 Nxc4 10. O-O-O+ Bd6 11. Bf4 Bd7 12. Bxd6 Nxd6 13. Ng3 Nhf5
14. Nxf5 Bxf5 15. Bc4 Kc8 16. Nd5 Re8 17. Rhe1 Rxe1 18. Rxe1 Be6 19. Ba2 c6 20.
Nc3 Bxa2 21. Nxa2 Kd7 22. Nb4 Re8 23. Rxe8 Kxe8 24. Kd2 Ke7 25. Kd3 Ke6 26. Nc2
c5 27. b4 cxb4 28. Nxb4 a5 29. Na2 Kd5 30. Nc3+ Kc5 31. Na4+ Kc6 32. Nb2 b5 33.
Kd4 a4 34. g4 b4 35. Nd3 bxa3 36. Nb4+ Kb5 37. Na2 Nb7 38. f3 Na5 39. Kc3 Nc6
40. h4 Ne5 0-1

[Event "LTU Wch 2020"]
[Site "Vilnius"]
[Date "2020.11.23"]
[Round "5.2"]
[White "Bajoraite, Rita"]
[Black "Saumanaite, Skaiste"]
[Result "1-0"]
[WhiteElo "1741"]
[BlackElo "2033"]
[PlyCount "137"]

1. d4 d5 2. Nf3 Nf6 3. c4 c6 4. e3 e6 5. a3 Nbd7 6. Nc3 Qc7 7. Bd3 dxc4 8. Bxc4
b5 9. Ba2 a6 10. O-O Bd6 11. e4 e5 12. d5 c5 13. Qc2 O-O 14. Bg5 Ne8 15. Nh4
Nb6 16. Ne2 f6 17. Be3 g5 18. Nf5 Bxf5 19. exf5 Rc8 20. Rad1 Kh8 21. Ng3 Ng7
22. Bb1 Rf7 23. Qe2 Nc4 24. Bc1 Bf8 25. Nh5 Ne8 26. Qg4 Ned6 27. h4 gxh4 28.
Qxh4 Be7 29. f4 e4 30. Ng3 Rg8 31. Nxe4 Nxf5 32. Qh3 Nd4 33. Rf2 Rfg7 34. b3
Nd6 35. Nxd6 Bxd6 36. Bf5 Rg3 37. Qh5 Qg7 38. Rxd4 Rxg2+ 39. Kf1 Rxf2+ 40. Kxf2
cxd4 41. Qh2 Qc7 42. Bd2 Bxa3 43. b4 Rd8 44. Qh4 Qe7 45. Bxh7 Qg7 46. Bf5+ Kg8
47. Be6+ Kf8 48. f5 Ke7 49. Qxd4 Ke8 50. Qc3 Qh8 51. Qc6+ Kf8 52. Qc5+ Ke8 53.
Qe3 Bb2 54. Bc8+ Kf8 55. Qc5+ Ke8 56. Be6 Qh2+ 57. Ke3 Qg3+ 58. Ke4 Qg2+ 59.
Kd3 Qf3+ 60. Kc2 Be5 61. Qc6+ Ke7 62. Qb7+ Kd6 63. Qxa6+ Ke7 64. Qb7+ Kd6 65.
Qxb5 Qe4+ 66. Qd3 Qg2 67. Qa6+ Ke7 68. Qa7+ Kd6 69. Qc5# 1-0

[Event "LTU Wch 2020"]
[Site "Vilnius"]
[Date "2020.11.24"]
[Round "6.5"]
[White "Sulikiene, Kristina"]
[Black "Sukyte, Kotryna"]
[Result "1/2-1/2"]
[WhiteElo "1892"]
[BlackElo "1405"]
[PlyCount "109"]

1. e4 Nf6 2. Nc3 d5 3. exd5 Nxd5 4. Bc4 Nb6 5. Bb3 c5 6. a4 c4 7. Ba2 Nc6 8. d3
cxd3 9. cxd3 Nb4 10. Bb1 Bf5 11. a5 N6d5 12. Qa4+ Bd7 13. Qb3 Bc6 14. Nxd5 Qxd5
15. Qxd5 Bxd5 16. f3 Rc8 17. Ne2 e5 18. Nc3 Be6 19. Be3 Bc5 20. Bxc5 Rxc5 21.
O-O O-O 22. f4 Rd8 23. f5 Bd5 24. Ra4 Nc6 25. a6 b6 26. Nxd5 Rdxd5 27. Rc4 Rxc4
28. dxc4 Rd4 29. b3 f6 30. Rc1 Nb4 31. Kf2 Nxa6 32. Ke3 Kf8 33. Bc2 Nb4 34. Be4
Ke7 35. c5 Kd7 36. Ra1 bxc5 37. Rxa7+ Kd6 38. Rxg7 Nd5+ 39. Bxd5 Kxd5 40. Rxh7
e4 41. Rb7 Ke5 42. Rb5 Rd3+ 43. Ke2 Kxf5 44. Rxc5+ Kg4 45. b4 Rb3 46. b5 f5 47.
h3+ Kf4 48. h4 Rb2+ 49. Kd1 Rxg2 50. Rc2 Rxc2 51. Kxc2 Kf3 52. b6 e3 53. b7 e2
54. b8=Q e1=Q 55. Qb3+ 1/2-1/2